000 00463nam a2200145Ia 4500
008 100204s9999 xx 000 0 und d
082 _b15878
100 _aआठवले शांताराम
245 _a
_ कार - रहस्य
260 _b"अंजली प्रकाशन, पुणे"
_c1987 2
300 _a186
630 _a
_ कार - रहस्य
730 _a
_ कार - रहस्य
942 _cBOOK
999 _c460301
_d460298